00725nam a2200229Ia 4500008004100000050001200041050001500053100002000068245009100088245002000179260003100199260001000230260001000240300001500250300002000265300001100285500005600296521001500352942000700367999001900374952010200393160517s9999 xx 000 0 und d aBF 698  b.B535 2015 aBersaba, I.C I. aLevels of self-esteem and aggressive behavior of street children in nayon ng kabataan/ cI.C I. Bersaba. aLas Piñas, Philippines : bSISC, c2015. a79 pages : billustrations ; c28 cm. aIncludes bibliographical references and appendices. aPsychology cTH c294012d294012 001040aCLbCLcTHd2016-05-17l0oBF 698 .B535 2015pT1007r2018-05-15 00:00:00w2016-05-17yTH